Regions of Czechia - Map Quiz - Statistics

General Stats
  • This quiz has been taken 116 times
  • The average score is 9 of 14
Answers on the Map
Answers color-coded by a green-red scale on the quiz's map according to % correct below.
 
Answer Stats
Answer % Correct
Prague
91%
Central Bohemian
85%
South Bohemian
76%
Karlovy Vary
71%
South Moravian
69%
Moravian-Silesian
67%
Plzeň Region
62%
Hradec Králové
60%
Zlín
58%
Liberec
55%
Olomouc
49%
Pardubice
42%
Ústi Nad Labem
42%
Vysočina
40%
No matching quizzes found
Score Distribution
Percent of People with Each Score
Percentile by Number Answered
Your Score History
You have not taken this quiz